IFM Opac

Storekeeping and stock control simplified (Record no. 18789)

MARC details
000 -LEADER
fixed length control field 00267nam a22001097a 4500
082 ## - DEWEY DECIMAL CLASSIFICATION NUMBER
Classification number 658.787 SAL
100 ## - MAIN ENTRY--PERSONAL NAME
Personal name SALEEMI N.A
245 ## - TITLE STATEMENT
Title Storekeeping and stock control simplified
260 ## - PUBLICATION, DISTRIBUTION, ETC.
Place of publication, distribution, etc. Nairobi
Name of publisher, distributor, etc. Saleemi publishers
Date of publication, distribution, etc. 1997
300 ## - PHYSICAL DESCRIPTION
Extent 276p.
Other physical details 20 cm
942 ## - ADDED ENTRY ELEMENTS (KOHA)
Koha item type Books

No items available.